Materiales básicos para la construcción civil.

Kaydedildi:
Detaylı Bibliyografya
Yazar: Urbina Soto, Marco Vinicio
Diğer Yazarlar: Núñez Rivera, Sergio Antonio
Materyal Türü: Kitap
Baskı/Yayın Bilgisi: [San José , Costa Rica] 1986
Konular:
Etiketler: Etiketle
Etiket eklenmemiş, İlk siz ekleyin!

MARC

LEADER 00000nam a2200000Ia 4500
003 004195
005 20221231144352.0
008 140114s1986 cr a m 000 ||s d
040 |c cru CEDI 
090 |a TFG 1892 
100 |a Urbina Soto, Marco Vinicio  |9 13996 
245 |a Materiales básicos para la construcción civil. 
260 |c 1986  |a [San José , Costa Rica] 
300 |a  379 páginas : ilustraciones (1 plegables) ; 28 cm  
500 |a  Tesis (licenciatura en ingeniería civil)--Universidad de Costa Rica. Facultad de Ingeniería. Escuela de Ingeniería Civil 
650 |x MATERIALES DE CONSTRUCCION  |9 13998 
700 |9 13997  |a Núñez Rivera, Sergio Antonio 
942 |c TFG  |2 ddc 
999 |c 20828  |d 20828